[Event "CAN-ch U12"]
[Site "Quebec"]
[Date "2018.07.04"]
[Round "5.79"]
[White "Chen, Derek1111"]
[Black "Eirew, David"]
[Result "1-0"]
[WhiteElo "1286"]
[BlackElo "708"]
[PlyCount "125"]
[EventDate "2018.07.02"]
[EventType "swiss"]
[EventRounds "7"]
[EventCountry "CAN"]
[SourceTitle "EXT 2022"]
[Source "ChessBase"]
[SourceDate "2021.10.06"]
[SourceVersion "1"]
[SourceVersionDate "2021.10.06"]
[SourceQuality "1"]

1. e4 e6 2. d4 d5 3. Nc3 Nf6 4. Bg5 Be7 5. Bxf6 Bxf6 6. e5 Be7 7. Bd3 Nc6 8. Nge2 Bd7 9. 0-0 Bb4 10. a3 Bxc3 11. bxc3 Qe7 12. Rb1 Rb8 13. Ra1 a6 14. c4 0-0 15. cxd5 exd5 16. f4 Bg4 17. c3 b5 18. f5 Qg5 19. Kh1 Qh5 20. Qc2 Na5 21. Ng3 Qg5 22. h3 Bxh3 23. f6 g6 24. Qf2 Be6 25. Qf4 Qxf4 26. Rxf4 Nb3 27. Rb1 Nd2 28. Rd1 Nc4 29. Bxc4 bxc4 30. Kh2 Rb3 31. Rh1 Rxa3 32. Rh4 Rxc3 33. Kg1 Rc1+ 34. Nf1 h5 35. Kf2 a5 36. R1h2 a4 37. Ng3 Bg4 38. Rh1 Rxh1 39. Rxh1 Ra8 40. Ra1 a3 41. Nf1 c3 42. Ne3 Kf8 43. Nxd5 c2 44. Ke1 Be6 45. Ne3 Bb3 46. Kd2 a2 47. Nxc2 Bxc2 48. Kxc2 Ke8 49. Kb2 g5 50. Kc2 Ra4 51. Kd3 Ra3+ 52. Ke4 Rg3 53. Rxa2 Kd7 54. Kf5 h4 55. e6+ fxe6+ 56. Kg6 Rg4 57. Rf2 Ke8 58. Kg7 Rxd4 59. f7+ Kd8 60. f8Q+ Kd7 61. Qc5 Rd6 62. Rf7+ Kc8 63. Qxc7# 1-0

[Event "CAN-ch U12"]
[Site "Quebec"]
[Date "2018.07.03"]
[Round "4.83"]
[White "Eirew, David"]
[Black "Ripley, Noah"]
[Result "1-0"]
[WhiteElo "708"]
[BlackElo "1184"]
[PlyCount "103"]
[EventDate "2018.07.02"]
[EventType "swiss"]
[EventRounds "7"]
[EventCountry "CAN"]
[SourceTitle "EXT 2022"]
[Source "ChessBase"]
[SourceDate "2021.10.06"]
[SourceVersion "1"]
[SourceVersionDate "2021.10.06"]
[SourceQuality "1"]

1. e4 e5 2. Nf3 Nc6 3. Bc4 Bc5 4. c3 Nf6 5. d4 exd4 6. cxd4 Bb4+ 7. Bd2 Bxd2+ 8. Nbxd2 0-0 9. 0-0 d5 10. exd5 Nxd5 11. a3 Nb6 12. Ba2 Nxd4 13. h3 Nxf3+ 14. Nxf3 Qxd1 15. Rfxd1 Bf5 16. Rac1 c6 17. Re1 Rfe8 18. Ne5 Be6 19. Bxe6 Rxe6 20. Nf3 Rae8 21. Rcd1 h6 22. b3 Rxe1+ 23. Rxe1 Rxe1+ 24. Nxe1 f5 25. Kh2 Kf7 26. Kg3 Ke6 27. Nd3 Nd7 28. Kf4 g5+ 29. Kf3 Kd5 30. g4 fxg4+ 31. Kxg4 Kd4 32. Ne1 Kc3 33. Kh5 Kxb3 34. Kxh6 c5 35. Kxg5 c4 36. h4 c3 37. h5 Ne5 38. h6 Nf7+ 39. Kg6 Nxh6 40. Kxh6 Kxa3 41. f4 b5 42. f5 b4 43. f6 b3 44. f7 a5 45. f8Q+ Ka2 46. Qb4 c2 47. Qxa5+ Kb1 48. Qf5 Kb2 49. Nd3+ Kb1 50. Qf1+ Ka2 51. Qc1 b2 52. Qxb2# 1-0